000 00660nam a2200193 4500
001 125819
003 ES-MaACL
005 20250811072552.0
007 t|
008 070214s1953 sp r ||||1| spa d
110 1 _aEspaña.
_bMinisterio de Trabajo
_93924
245 1 0 _aReglamentación Nacional del Trabajo en los locales de espectáculos y deportes /
_c[recopilada] por Alvaro Soto Burgos.
260 _aMadrid :
_b[s. n.],
_c1953 (
_fGráf. García)
300 _a64 p. ;
_c21 cm.
700 1 _aSoto Burgos, Álvaro.
_9107506
710 2 _aEspaña.
_tLeyes, etc.
_9184149
852 _aES-MaACL
_j1959-F-6
_bR.34418
999 _c125819
_d125819